| 000 | 00911cad a22001815a 4500 | ||
|---|---|---|---|
| 001 | L158417 | ||
| 008 | 150210s2015 xxk f 000 0 eng d | ||
| 035 | _a(Sirsi) u158417 | ||
| 041 | 0 | _aeng | |
| 110 | 2 |
_aUnited Kingdom _bDepartment for Environment Food and Rural Affairs |
|
| 245 | 0 | 0 | _aFunding for Flood and Coastal Erosion Risk Management in England. |
| 260 | _c2015 | ||
| 520 | _aThis document sets out government funding for flood and coastal erosion risk management in England since the financial year 2005/06. Further sets out the budget allocations as well as historical expenditure. | ||
| 651 | 4 |
_aEngland _y886- |
|
| 690 |
_aEnvironment _96238 |
||
| 856 | 4 | 0 |
_uhttps://www.gov.uk/government/uploads/system/uploads/attachment_data/file/401305/Central_Government_Funding_for_Flood_and_Coastal_Erosion_Risk_Management_in_England_feb_2015.pdf _zView the item free of charge at www.gov.uk |
| 942 | _n0 | ||
| 999 |
_c115296 _d115296 |
||